| 000 | 00503nam a2200193Ia 4500 | ||
|---|---|---|---|
| 005 | 20250319010733.0 | ||
| 008 | 240331s9999 xx 000 0 und d | ||
| 020 | _a9559621017 | ||
| 082 |
_bDEV _24686 _a331.62 |
||
| 245 | 0 |
_aDevelopment Issues Across Regions: _bWomen, Land and Forestry |
|
| 260 |
_aPeradeniya, _bCORRENSA _c1997 |
||
| 300 | _aix, 315 p., | ||
| 650 | _aWomen | ||
| 650 | _aGender | ||
| 650 | _aEnvironment | ||
| 650 | _aAgriculture | ||
| 700 |
_aWickramasinghe, A _eedt |
||
| 942 | _cL | ||
| 999 |
_c2647 _d2647 |
||